| Tag |
First Indicator |
Second Indicator |
Subfields |
| LEADER |
00000pam a2200000 a 4500 |
| 001 |
in00001714101 |
| 005 |
20151024195800.0 |
| 008 |
020712s2002 nyub 000 1 eng |
| 010 |
|
|
|a 2002027811
|
| 020 |
|
|
|a 0553379208 (pbk.) :
|c $14.95
|
| 035 |
|
|
|a (OCoLC)ocm50198834
|
| 040 |
|
|
|a DLC
|c DLC
|d IG#
|d TXA
|d UtOrBLW
|
| 049 |
|
|
|a TXAM
|
| 050 |
0 |
0 |
|a PS3569.T137
|b W48 2002
|
| 082 |
0 |
0 |
|a 813/.54
|2 21
|
| 100 |
1 |
|
|a Stackpole, Michael A.,
|d 1957-
|
| 245 |
1 |
0 |
|a When dragons rage /
|c Michael A. Stackpole.
|
| 264 |
|
1 |
|a New York :
|b Bantam Books,
|c 2002.
|
| 300 |
|
|
|a 465 pages :
|b map ;
|c 24 cm.
|
| 336 |
|
|
|a text
|b txt
|2 rdacontent
|
| 337 |
|
|
|a unmediated
|b n
|2 rdamedia
|
| 338 |
|
|
|a volume
|b nc
|2 rdacarrier
|
| 490 |
1 |
|
|a DragonCrown war cycle ;
|v bk. 2
|
| 655 |
|
7 |
|a Fantasy fiction.
|2 gsafd
|
| 800 |
1 |
|
|a Stackpole, Michael A.,
|d 1957-
|t DragonCrown war cycle ;
|v bk. 2.
|
| 994 |
|
|
|a E0
|b TXA
|
| 948 |
|
|
|a cataloged
|b h
|c 2003/1/24
|d c
|e bhartsfi
|f 12:08:06 pm
|
| 999 |
|
|
|a MARS
|
| 999 |
f |
f |
|s 7182cc98-a1aa-315d-b9d2-5905bc28253b
|i bee6808b-8863-3111-ac5e-423bbf580433
|t 0
|
| 952 |
f |
f |
|p ric
|a Texas A&M University
|b Rellis Campus
|c Joint Library Facility
|s JLF
|d Remote Storage
|t 0
|e PS3569.T137 W48 2002
|h Library of Congress classification
|i unmediated -- volume
|m A14829562775
|
| 998 |
f |
f |
|a PS3569.T137 W48 2002
|t 0
|l Remote Storage
|